00215nam a22000977a 4500003000400000082001400004100001900018245005100037260002100088300000800109SGT a200bL17K aKAUSHAL, MALLY aLEELA: AN EXHIBITION ON THE RAMAYANA TRADITION bI.G.N.C.A.c2017 a100